000 00601nam a2200229Ia 4500
003 OSt
005 20220928110948.0
006 a|||||r|||| 00| 0
007 ta
008 220927b |||||||| |||| 00| 0 eng d
024 _a60836
037 _cTextual
040 _aSDCL
_cSDCL
_beng
041 _2eng
_aeng
082 _aP15,Cx1,1,2, L2.2
100 _aPatanjlimuni
_9421109
245 0 _aMahabhashayam.
260 _aDelhi
_bPyarelal Dragyadevi Nyaas.
_c1972
300 _a556p.
_ccm.
942 _hP15,Cx1,1,2, L2.2
_cTEXL
_2CC
999 _c737381
_d737381